Состояние и перспективы ресурсосбережения в бюджетных организациях; Современные техника и технологии; Т. 1.

書誌詳細
Parent link:Современные техника и технологии=Modern Technique and Technologies: IX Международная научно-практическая конференция студентов, аспирантов и молодых ученых, г. Томск, 7-11 апреля 2003 г./ Томский политехнический университет ; Современные техника и технология, Международная научно-практическая конфереция ; под ред. А. С. Заворина.— , 2003-
Т. 1..— 2003.— С. 44-45
第一著者: Шрайбер Н. Ю. Наталья Юрьевна
その他の著者: Дульзон А. А. Альфред Андреевич
言語:ロシア語
出版事項: 2003
主題:
フォーマット: MixedMaterials 図書の章
KOHA link:https://koha.lib.tpu.ru/cgi-bin/koha/opac-detail.pl?biblionumber=116624

MARC

LEADER 00000naa2a2200000 4500
001 116624
005 20240705160244.0
035 |a (RuTPU)RU\TPU\book\126213 
090 |a 116624 
100 |a 20070524d2003 k y0rusy50 ca 
101 0 |a rus 
102 |a RU 
200 1 |a Состояние и перспективы ресурсосбережения в бюджетных организациях  |f Н. Ю. Шрайбер, А. А. Дульзон 
320 |a Библиогр.: 2 назв. 
461 1 |0 (RuTPU)RU\TPU\book\64647  |t Современные техника и технологии  |l Modern Technique and Technologies  |o IX Международная научно-практическая конференция студентов, аспирантов и молодых ученых, г. Томск, 7-11 апреля 2003 г.  |o труды: в 2 т.  |f Томский политехнический университет ; Современные техника и технология, Международная научно-практическая конфереция ; под ред. А. С. Заворина  |d 2003- 
463 1 |0 (RuTPU)RU\TPU\book\64489  |y 5-98298-037-4  |t Т. 1.  |v С. 44-45  |d 2003  |p 321 с. 
610 1 |a бюджетные организации 
610 1 |a ресурсосбережение 
610 1 |a энергосбережение 
610 1 |a энергоресурсы 
610 1 |a потребление энергии 
610 1 |a эффективность 
610 1 |a труды учёных ТПУ 
700 1 |a Шрайбер  |b Н. Ю.  |c специалист в области менеджмента  |c доцент Томского политехнического университета  |g Наталья Юрьевна  |3 (RuTPU)RU\TPU\pers\28851 
701 1 |a Дульзон  |b А. А.  |c специалист в области техники высоких напряжений, управления проектами, управления персоналом  |c профессор Томского политехнического университета, доктор технических наук  |f 1937-2019  |g Альфред Андреевич  |3 (RuTPU)RU\TPU\pers\21958  |4 070  |9 9277 
801 1 |a RU  |b 63413507  |c 20070524  |g PSBO 
801 2 |a RU  |b 63413507  |c 20140601  |g RCR 
942 |c BK